Invitation to Vernacular Architecture : A Guide to the Study of Ordinary Buildings and Landscapes /

Gorde:
Xehetasun bibliografikoak
Egile nagusia: Carter, Thomas (autor)
Beste egile batzuk: Cromley, Elizabeth Collins (autor) (autor)
Formatua: Liburua
Hizkuntza:ingelesa
Argitaratua: Knoxville, EUA : University of Tennessee, 2005, c2005
Saila:(Vernacular Architecture Studies)
Gaiak:
Etiketak: Etiketa erantsi
Etiketarik gabe, Izan zaitez lehena erregistro honi etiketa jartzen!

MARC

LEADER 00000nam^a2200000^a^4500
001 000184837
005 20250521000000.0
009 20260310102130.295
020 |a 1-57233-331-6 
037 |a Acervo ITESO - Biblioteca 
041 |a ING 
082 |a 720. 973  |b CAR 
100 |a Carter, Thomas  |e (autor) 
245 1 0 |a Invitation to Vernacular Architecture :  |b A Guide to the Study of Ordinary Buildings and Landscapes /  |c T. Carter, E.C. Cromley ; pról. de Diane Shaw. 
264 4 |a Knoxville, EUA :  |b University of Tennessee,  |c 2005, c2005 
300 |a XXV, 120 p. 
336 |a texto  |b txt  |2 rdacontenido 
337 |a sin mediación  |b n  |2 rdamedio 
338 |a volumen  |b nc  |2 rdasoporte 
440 1 |a (Vernacular Architecture Studies) 
649 |a XX 
650 |a Vivienda -  |z Buffalo, EUA 
650 |a Arquitectura Popular -  |z Buffalo, EUA -  |x Historia y Crítica 
650 |a Arquitectura Popular -  |z EUA -  |x Historia y Crítica 
650 |a Arquitectura Regionalista -  |z Buffalo, EUA -  |x Historia y Crítica 
650 |a Arquitectura Regionalista -  |z EUA -  |x Historia y Crítica 
650 |a Arquitectura y Sociedad -  |z EUA -  |x Historia y Crítica 
650 |a Arquitectura Norteamericana -  |x Historia y Crítica 
650 |a Arte y Sociedad -  |z EUA -  |x Historia y Crítica 
650 |a Arte Norteamericano -  |x Historia y Crítica 
700 |a Cromley, Elizabeth Collins  |e (autor) 
910 |a Fondo General 
920 |a Impresos - Libros 
930 |a Colección General 
905 |a 101 
901 |a 0500125749  |b IT1  |c ACC  |u 20250521 
901 |a 0500125793  |b IT1  |c ACC  |u 20250521 
902 |a https://opac.biblio.iteso.mx/vufind/Record/000184837